000 00884cab a2200217 4500
001 ABS46048
008 090401t1992 xxu||||| |||| 00| 0 eng d
035 _a(Sirsi) u56559
041 _aeng
245 _aSouth Yorkshire
260 _c1992
350 _a0
490 _aEstates Times
_v34(11) 13 March 1992, 15-21(6)
520 _aReviews the office, retail and industrial markets in Sheffield, Doncaster and Barnsley. assesses the impact of Meadowhall on the Sheffield retail market and concludes with a preview of the introduction of `Supertram` due to be opened in 1993 linking Meadowhall to Sheffield city centre. Map shows proposed routes.
650 _aELECTRIC LIGHT RAILWAYS
650 _aMEADOWHALL CENTRE
650 _aSHEFFIELD DEVELOPMENT CORPORATION
690 _aPROPERTY-COMMERCIAL PROPERTY-COMMERCIAL PROPERTY MARKET
942 _n0
948 _c04/03/1997
999 _c34502
_d34502